000 nam a22 7a 4500
999 _c15302
_d15302
005 20200721095637.0
008 200721b xxu||||| |||| 00| 430 eng d
040 _c57ii3
050 _aMLCM200/45910
100 _aR.Glover
245 _aThe cambridge revision guide
260 _aLondon
_bCambridge university
_c2000
300 _a291,p.
942 _2lcc
_cOS
_hMLCM200/45910